Представление документа в формате RUSMARC

ПолеНазваниеЗначение
  Тип записи a
  Библиографический уровень c
001 Контрольный номер b81e4a0a76f849d887c28936407b32ba
005 Дата корректировки 20201206204431.8
010 Индекс ISBN __
d Цена 1-00
101 Язык документа __
a Язык текста rus
c Язык оригинала rus
200 Заглавие и сведения об ответственности 1_
a Заглавие Время счастливых находок
e Сведения, относящиеся к заглавию рассказы и повести
f Первые сведения об ответственности Искандер Ф.
b Общее обозначение материала Текст
210 Выходные данные __
a Место издания М.
c Издательство Молодая гвардия
d Дата издания 1973
215 Физическое описание __
a Объем 430 с.
606 Тематические рубрики __
a Основная рубрика Художественная литература
z Хронологическая подрубрика 20 в.
y Географическая подрубрика Россия
606 Тематические рубрики __
a Основная рубрика Русская литература XX в. (произведения)
610 Ключевые слова __
a Ключевые слова рассказы; повести
686 Индексы других классификаций __
a Классификационный индекс 84(2Рос=Рус)6-4
700 Автор _1
a Фамилия Искандер
b Имя Ф.
4 Код отношения 070
801 Источник записи _0
a Страна RU
b Организация Муниципальное бюджетное учреждение культуры "Централизованная библиотечная система" г. Сургут (Центральная городская библиотека им. А. С. Пушкина)
g Правила каталогизации ЦДБ/Симакова
801 Источник записи _1
a Страна RU
b Организация Муниципальное бюджетное учреждение культуры "Централизованная библиотечная система" г. Сургут (Центральная городская библиотека им. А. С. Пушкина)
g Правила каталогизации ЦДБ/Симакова
852 Данные о местонахождении __
j Шифр хранения 84(2Рос=Рус)6-4
c Каталожный индекс 84(2Рос=Рус)6-4
i Авторский знак И 86
p Инвентарный номер 855(д)
901 Тип документа __
t Тип документа x
903 Характеристики (МАРС) __
a Дата передачи 20060628
969 Тип издания __
a Тип издания сборник
990 Данные о заказе (DOS) __
j Количество экземпляров (DOS) 1
t N записи в КСУ для И/У (DOS) ретр